Estatísticas para Esporte Clube Bahia

Clique aqui para jogar o quiz

Estatísticas Gerais

  • Esse quiz foi jogado 104 vezes
  • A pontuação média é 13 de 21

Estatísticas das Respostas

HintResposta% Correto
CidadeSalvador
100%
Ano do primeiro título nacional1959
96%
EstádioArena Fonte Nova
96%
Ano do segundo título nacional1988
95%
Ano de Fundação1931
88%
Campeonato onde foi o primeiro representante brasileiroLibertadores
81%
Time contra o qual ganhou seu primeiro título nacionalSantos
81%
Número de títulos estaduais46
78%
Time contra o qual ganhou seu segundo título nacionalInternacional
77%
MascoteSuper-Homem
77%
Maior torcida organizadaBamor
69%
Quantidade de gols da maior goleada aplicada10
68%
Nome popular do centro de treinamentosFazendão
55%
Técnico campeão brasileiro de 1988Evaristo de Macedo
49%
Adversário do primeiro confronto oficialYpiranga
35%
Maior artilheiroCarlito
32%
Como é chamado pela torcidaBaêa
29%
Quantidade de gols do maior artilheiro253
19%
Primeiro local de mando de campoCampo da Graça
17%
Maior público110.438
14%
Primeiro presidenteWaldemar Costa
6%

Distribuição das Pontuações

Percentil de Números Respondidos

Porcentagem de Pessoas com Cada Pontuação

Sua Pontuação Histórica

Você não jogou esse quiz